Loading...
| Fine Arts - Classical Music and Opera | 2 | 2 | 0 | 0 | 50 | 54 | 88.75 | 0 | 3 | 0.00 | 0.00 |
| Science - Physics | 1 | 4 | 1 | 1 | 50 | 14 | 90.60 | 1 | 2 | 0.00 | 0.00 |
| Other Science (Computer Science) | 0 | 3 | 0 | 0 | 30 | 105 | 113.00 | 0 | 0 | 0.00 | 0.00 |
| Fine Arts - Painting and Sculpture | 1 | 1 | 0 | 1 | 25 | 87 | 127.00 | 0 | 1 | 0.00 | 0.00 |
| Science - Chemistry | 1 | 2 | 4 | 0 | 15 | 69 | 99.33 | 0 | 1 | 0.00 | 0.00 |
| Other Science (Math) | 0 | 2 | 1 | 1 | 15 | 138 | 140.00 | 0 | 0 | 0.00 | 0.00 |
| Other Science (Earth Science) | 0 | 1 | 0 | 0 | 10 | 99 | 99.00 | 0 | 1 | 0.00 | 0.00 |
| History - European | 0 | 1 | 0 | 1 | 10 | 153 | 153.00 | 0 | 0 | 0.00 | 0.00 |
| Religion | 0 | 1 | 0 | 0 | 10 | 118 | 118.00 | 0 | 0 | 0.00 | 0.00 |
| Science - Biology | 1 | 0 | 1 | 0 | 10 | 48 | 48.00 | 1 | 1 | 0.00 | 0.00 |
| Literature - European | 0 | 0 | 0 | 0 | 0 | 0.00 | 0 | 0 | 0.00 | 0.00 | |
| Literature - American | 0 | 0 | 0 | 0 | 0 | 0.00 | 0 | 0 | 0.00 | 0.00 | |
| Philosophy | 0 | 0 | 1 | 0 | -5 | 0.00 | 0 | 0 | 0.00 | 0.00 | |
| Other Science (Astronomy) | 0 | 0 | 1 | 0 | -5 | 0.00 | 0 | 0 | 0.00 | 0.00 | |
| Literature - World | 0 | 0 | 1 | 0 | -5 | 0.00 | 0 | 0 | 0.00 | 0.00 |